000
00333nam a22001457a 4500
005
20160628111958.0
008
160628b xxu||||| |||| 00| 0 eng d
041
_a
eng
082
_b
10752
245
_a
Pramana, Journal of Physics
260
_b
Indian Academy of Sciences
300
_a
178
650
_a
Journal
_9
3034
942
_c
BK
999
_c
4396
_d
4395